书目信息 |
| 题名: |
漫说哈耶克
|
|
| 作者: | 姚中秋 著 | |
| 分册: | ||
| 出版信息: | 北京 中信出版社 2013.7 |
|
| 页数: | 291页 | |
| 开本: | 23cm | |
| 丛书名: | ||
| 单 册: | ||
| 中图分类: | F091.352.1 | |
| 科图分类: | ||
| 主题词: | ||
| 电子资源: | ||
| ISBN: | 978-7-5086-3987-1 | |
| 000 | 00742nam0 2200229 450 | |
| 001 | 351762 | |
| 005 | 20161017103824.38 | |
| 010 | @a978-7-5086-3987-1@dCNY42.00 | |
| 100 | @a20130729d2013 em y0chiy50 ea | |
| 101 | 0 | @achi |
| 102 | @aCN@b110000 | |
| 105 | @ay z 000yy | |
| 106 | @ar | |
| 200 | 1 | @a漫说哈耶克@f秋风著 |
| 210 | @a北京@c中信出版社@d2013.7 | |
| 215 | @a291页@d23cm | |
| 330 | @a本书作者以时间为经,历史和轶事为纬,介绍了哈耶克的老师、朋友、论辩对手和对中国变革产生的影响,从学术和理论方面介绍了哈耶克。 | |
| 600 | 0 | @a哈耶克@c(Hayek, Friedrick August von@f1899-1992)@x经济思想@x研究 |
| 690 | @aF091.352.1@v5 | |
| 701 | 0 | @a姚中秋@f(1966~)@4著 |
| 801 | 0 | @aCN@bTANGWEI@c20161009 |
| 905 | @b0896390-4@dF091.352.1@e77@f5 | |
| 漫说哈耶克/秋风著.-北京:中信出版社,2013.7 |
| 291页;23cm |
| ISBN 978-7-5086-3987-1:CNY42.00 |
| 本书作者以时间为经,历史和轶事为纬,介绍了哈耶克的老师、朋友、论辩对手和对中国变革产生的影响,从学术和理论方面介绍了哈耶克。 |
| ● |
| 相关链接 |
|
|
|
|
正题名:漫说哈耶克
索取号:F091.352.1/77
 
预约/预借
| 序号 | 登录号 | 条形码 | 馆藏地/架位号 | 状态 | 备注 |
| 1 | 0896390 | 208963905 | 第一样本阅览室/ [索取号:F091.352.1/77] | 在馆 | |
| 2 | 0896391 | 208963914 | 第一借阅区/ [索取号:F091.352.1/77] | 在馆 | |
| 3 | 0896392 | 208963923 | 第一借阅区/ [索取号:F091.352.1/77] | 在馆 | |
| 4 | 0896393 | 208963932 | 第一借阅区/ [索取号:F091.352.1/77] | 在馆 | |
| 5 | 0896394 | 208963941 | 第一借阅区/ [索取号:F091.352.1/77] | 在馆 |